[Event "European Women's Championship"]
[Site "Vysoke Tatry"]
[Date "2018.04.12"]
[Round "5"]
[White "Richterova, Natasa"]
[Black "Hapala, Elisabeth"]
[Result "1/2-1/2"]
[Board "62"]
[WhiteElo "2181"]
[WhiteTitle "WIM"]
[WhiteCountry "CZE"]
[WhiteFideId "350591"]
[WhiteEloChange "-3"]
[BlackElo "2091"]
[BlackTitle "WFM"]
[BlackCountry "AUT"]
[BlackFideId "1622080"]
[BlackEloChange "3"]

1. Nf3 {[%clk 1:30:56]} d5 {[%clk 1:30:56]} 2. g3 {[%clk 1:31:17]} c6 {[%clk
1:31:21]} 3. Bg2 {[%clk 1:31:35]} Bg4 {[%clk 1:31:45]} 4. c4 {[%clk 1:32:01]} e6
{[%clk 1:32:11]} 5. cxd5 {[%clk 1:32:26]} exd5 {[%clk 1:32:18]} 6. Qb3 {[%clk
1:31:46]} Qb6 {[%clk 1:23:53]} 7. Qc2 {[%clk 1:31:41]} Nd7 {[%clk 1:22:45]} 8.
O-O {[%clk 1:31:27]} Ngf6 {[%clk 1:22:07]} 9. d3 {[%clk 1:30:48]} Bd6 {[%clk
1:12:32]} 10. Nc3 {[%clk 1:26:41]} O-O {[%clk 1:11:19]} 11. e4 {[%clk 1:20:01]}
Rfe8 {[%clk 0:58:11]} 12. Be3 {[%clk 1:17:54]} Qc7 {[%clk 0:52:28]} 13. Rac1
{[%clk 1:12:38]} dxe4 {[%clk 0:36:41]} 14. dxe4 {[%clk 1:11:28]} Bxf3 {[%clk
0:36:47]} 15. Bxf3 {[%clk 1:11:45]} Ne5 {[%clk 0:37:12]} 16. Bg2 {[%clk 1:10:54]}
Nc4 {[%clk 0:25:34]} 17. Bg5 {[%clk 1:07:57]} Qe7 {[%clk 0:25:59]} 18. Rcd1
{[%clk 1:01:58]} Rad8 {[%clk 0:25:10]} 19. Ne2 {[%clk 0:56:43]} Nb6 {[%clk
0:23:42]} 20. Nd4 {[%clk 0:50:24]} Bc7 {[%clk 0:24:06]} 21. Nf5 {[%clk 0:45:14]}
Qe6 {[%clk 0:24:13]} 22. Rfe1 {[%clk 0:30:22]} Rxd1 {[%clk 0:22:51]} 23. Qxd1
{[%clk 0:28:50]} h6 {[%clk 0:21:13]} 24. Bh3 {[%clk 0:24:05]} hxg5 {[%clk
0:13:58]} 25. Nh6+ {[%clk 0:24:27]} gxh6 {[%clk 0:14:24]} 26. Bxe6 {[%clk
0:24:48]} Rxe6 {[%clk 0:14:47]} 27. f3 {[%clk 0:22:35]} Nbd7 {[%clk 0:13:14]} 28.
Kg2 {[%clk 0:21:59]} Ne5 {[%clk 0:10:20]} 29. Re2 {[%clk 0:19:50]} Kg7 {[%clk
0:08:12]} 30. Qb3 {[%clk 0:18:00]} b5 {[%clk 0:07:33]} 31. a4 {[%clk 0:14:39]} a6
{[%clk 0:07:51]} 32. Qe3 {[%clk 0:13:09]} g4 {[%clk 0:01:42]} 33. fxg4 {[%clk
0:09:15]} Nfxg4 {[%clk 0:02:08]} 34. Qa7 {[%clk 0:09:21]} Bd6 {[%clk 0:02:21]}
35. Qxa6 {[%clk 0:09:00]} bxa4 {[%clk 0:02:44]} 36. Qxa4 {[%clk 0:09:16]} Bc5
{[%clk 0:02:46]} 37. Qb3 {[%clk 0:06:36]} Rf6 {[%clk 0:01:09]} 38. Qc3 {[%clk
0:06:32]} Bb6 {[%clk 0:01:01]} 39. h3 {[%clk 0:06:45]} Rf3 {[%clk 0:01:13]} 40.
Qxf3 {[%clk 0:31:04]} Nxf3 {[%clk 0:31:42]} 41. Kxf3 {[%clk 0:31:22]} Ne5+ {[%clk
0:32:06]} 42. Kf4 {[%clk 0:31:44]} Bd4 {[%clk 0:26:27]} 43. Kf5 {[%clk 0:26:59]}
c5 {[%clk 0:23:02]} 44. b3 {[%clk 0:24:47]} Nd3 {[%clk 0:20:24]} 45. Rd2 {[%clk
0:13:58]} Nc1 {[%clk 0:16:59]} 46. e5 {[%clk 0:02:43]} Nxb3 {[%clk 0:17:18]} 47.
Rc2 {[%clk 0:03:13]} Na5 {[%clk 0:03:33]} 48. e6 {[%clk 0:03:21]} Nc6 {[%clk
0:03:39]} 49. exf7 {[%clk 0:02:59]} Kxf7 {[%clk 0:04:03]} 50. g4 {[%clk 0:01:01]}
Nb4 {[%clk 0:04:09]} 51. Rc4 {[%clk 0:01:12]} Nd5 {[%clk 0:03:59]} 52. Rc1 {[%clk
0:01:07]} Ne3+ {[%clk 0:03:11]} 53. Ke4 {[%clk 0:00:54]} Kg6 {[%clk 0:02:36]} 54.
Rb1 {[%clk 0:00:38]} Kg5 {[%clk 0:02:40]} 55. Rb6 {[%clk 0:00:55]} Ng2 {[%clk
0:02:11]} 56. Kf3 {[%clk 0:00:42]} Nh4+ {[%clk 0:02:10]} 57. Ke4 {[%clk 0:00:55]}
Ng6 {[%clk 0:02:06]} 58. Rd6 {[%clk 0:00:41]} Ne5 {[%clk 0:00:44]} 59. Re6 {[%clk
0:00:36]} Bb2 {[%clk 0:00:41]} 60. Rb6 {[%clk 0:00:39]} Nc4 {[%clk 0:00:36]} 61.
Rc6 {[%clk 0:00:35]} Bd4 {[%clk 0:01:06]} 62. Ra6 {[%clk 0:00:39]} Nd2+ {[%clk
0:01:27]} 63. Kd3 {[%clk 0:00:51]} Nf3 {[%clk 0:01:34]} 64. Ke4 {[%clk 0:00:35]}
Nh4 {[%clk 0:01:33]} 65. Rc6 {[%clk 0:00:36]} Bf2 {[%clk 0:01:16]} 66. Ke5 {[%clk
0:00:40]} Ng6+ {[%clk 0:01:32]} 67. Ke4 {[%clk 0:01:06]} Nf4 {[%clk 0:01:28]} 68.
h4+ {[%clk 0:00:44]} Bxh4 {[%clk 0:00:58]} 69. Rxc5+ {[%clk 0:00:31]} Kxg4 {[%clk
0:01:20]} 70. Rc8 {[%clk 0:00:47]} h5 {[%clk 0:01:39]} 71. Rg8+ {[%clk 0:00:58]}
Bg5 {[%clk 0:02:00]} 72. Ke3 {[%clk 0:00:55]} Nh3+ {[%clk 0:00:55]} 73. Ke2
{[%clk 0:01:16]} h4 {[%clk 0:01:13]} 74. Kf1 {[%clk 0:01:21]} Kf3 {[%clk
0:01:32]} 75. Rf8+ {[%clk 0:01:28]} Bf4 {[%clk 0:01:30]} 76. Rh8 {[%clk 0:00:48]}
Kg3 {[%clk 0:01:44]} 77. Rg8+ {[%clk 0:00:46]} Kh2 {[%clk 0:01:32]} 78. Rh8
{[%clk 0:00:36]} Bg3 {[%clk 0:01:49]} 79. Rc8 {[%clk 0:00:47]} Nf4 {[%clk
0:01:01]} 80. Rc2+ {[%clk 0:01:12]} Kh1 {[%clk 0:00:46]} 81. Rc3 {[%clk 0:01:15]}
Ng2 {[%clk 0:00:41]} 82. Ra3 {[%clk 0:01:13]} Kh2 {[%clk 0:00:45]} 83. Ra2 {[%clk
0:00:49]} h3 {[%clk 0:01:11]} 84. Ra3 {[%clk 0:01:00]} Bf4 {[%clk 0:01:25]} 85.
Rf3 {[%clk 0:01:19]} Bg5 {[%clk 0:01:18]} 86. Kf2 {[%clk 0:00:52]} Be3+ {[%clk
0:01:01]} 87. Kf1 {[%clk 0:00:48]} Bg5 {[%clk 0:01:11]} 88. Kf2 {[%clk 0:01:15]}
Nf4 {[%clk 0:01:19]} 89. Kf1 {[%clk 0:01:30]} Kh1 {[%clk 0:01:24]} 90. Rg3 {[%clk
0:01:36]} Bh6 {[%clk 0:01:43]} 91. Rg4 {[%clk 0:00:43]} h2 {[%clk 0:01:03]} 92.
Rh4 {[%clk 0:01:01]} Bg5 {[%clk 0:01:28]} 93. Rg4 {[%clk 0:01:24]} Ne6 {[%clk
0:01:36]} 94. Rxg5 {[%clk 0:01:38]} Nxg5 {[%clk 0:02:00]} 95. Kf2 {[%clk
0:02:05]} Nf3 {[%clk 0:01:50]} 96. Kf1 {[%clk 0:02:29]} Nd2+ {[%clk 0:02:17]} 97.
Kf2 {[%clk 0:02:56]} 1/2-1/2

[Event "European Women's Championship"]
[Site "Vysoke Tatry"]
[Date "2018.04.12"]
[Round "5"]
[White "Okuyaz, Duru"]
[Black "Vidic, Teja"]
[Result "1-0"]
[Board "63"]
[WhiteElo "2122"]
[WhiteTitle "WFM"]
[WhiteCountry "TUR"]
[WhiteFideId "6346022"]
[WhiteEloChange "12"]
[BlackElo "2176"]
[BlackTitle "WFM"]
[BlackCountry "SLO"]
[BlackFideId "14605511"]
[BlackEloChange "-12"]

1. e4 {[%clk 1:30:57]} c5 {[%clk 1:30:52]} 2. Nf3 {[%clk 1:31:21]} Nc6 {[%clk
1:31:15]} 3. d4 {[%clk 1:31:45]} cxd4 {[%clk 1:31:40]} 4. Nxd4 {[%clk 1:32:07]}
Nf6 {[%clk 1:32:07]} 5. Nc3 {[%clk 1:32:25]} d6 {[%clk 1:32:33]} 6. Bg5 {[%clk
1:32:41]} e6 {[%clk 1:32:29]} 7. Qd2 {[%clk 1:33:00]} a6 {[%clk 1:32:52]} 8.
O-O-O {[%clk 1:33:00]} Bd7 {[%clk 1:33:16]} 9. f4 {[%clk 1:33:15]} b5 {[%clk
1:33:25]} 10. Bxf6 {[%clk 1:31:50]} gxf6 {[%clk 1:31:38]} 11. Kb1 {[%clk
1:31:35]} Qb6 {[%clk 1:30:06]} 12. Nxc6 {[%clk 1:31:32]} Bxc6 {[%clk 1:29:58]}
13. f5 {[%clk 1:30:06]} b4 {[%clk 1:27:11]} 14. Ne2 {[%clk 1:30:27]} e5 {[%clk
1:22:44]} 15. Ng3 {[%clk 1:30:30]} h5 {[%clk 1:19:13]} 16. h4 {[%clk 1:28:31]}
Be7 {[%clk 1:04:54]} 17. Bc4 {[%clk 1:23:32]} Rc8 {[%clk 0:57:56]} 18. Qe2 {[%clk
1:19:00]} a5 {[%clk 0:47:51]} 19. b3 {[%clk 1:18:03]} Qc5 {[%clk 0:42:36]} 20.
Nxh5 {[%clk 1:08:19]} Bd8 {[%clk 0:27:31]} 21. g4 {[%clk 1:07:25]} Rg8 {[%clk
0:22:58]} 22. g5 {[%clk 1:00:17]} fxg5 {[%clk 0:22:44]} 23. f6 {[%clk 1:00:39]}
Kf8 {[%clk 0:19:02]} 24. hxg5 {[%clk 0:59:31]} Bb6 {[%clk 0:18:09]} 25. Ng7
{[%clk 0:59:31]} a4 {[%clk 0:16:16]} 26. Qh5 {[%clk 0:57:15]} Rc7 {[%clk
0:15:36]} 27. Qh6 {[%clk 0:56:58]} axb3 {[%clk 0:15:00]} 28. axb3 {[%clk
0:53:28]} Bxe4 {[%clk 0:11:42]} 29. Nf5+ {[%clk 0:51:26]} Ke8 {[%clk 0:12:08]}
30. Nxd6+ {[%clk 0:51:45]} Qxd6 {[%clk 0:11:54]} 31. Rxd6 {[%clk 0:52:05]} 1-0

[Event "European Women's Championship"]
[Site "Vysoke Tatry"]
[Date "2018.04.12"]
[Round "5"]
[White "Berke, Ana"]
[Black "Palma, Maria"]
[Result "1-0"]
[Board "64"]
[WhiteElo "2173"]
[WhiteTitle "WIM"]
[WhiteCountry "CRO"]
[WhiteFideId "14510359"]
[WhiteEloChange "7"]
[BlackElo "2060"]
[BlackTitle "WFM"]
[BlackCountry "ITA"]
[BlackFideId "898481"]
[BlackEloChange "-7"]

1. e4 {[%clk 1:30:55]} c5 {[%clk 1:30:37]} 2. Nf3 {[%clk 1:31:15]} g6 {[%clk
1:30:59]} 3. c4 {[%clk 1:31:16]} Bg7 {[%clk 1:30:47]} 4. d4 {[%clk 1:30:29]} cxd4
{[%clk 1:31:04]} 5. Nxd4 {[%clk 1:30:52]} Nc6 {[%clk 1:31:22]} 6. Be3 {[%clk
1:30:51]} Nf6 {[%clk 1:31:24]} 7. Nc3 {[%clk 1:31:02]} O-O {[%clk 1:30:59]} 8.
Be2 {[%clk 1:31:14]} d6 {[%clk 1:30:59]} 9. O-O {[%clk 1:29:30]} Bd7 {[%clk
1:31:12]} 10. Nb3 {[%clk 1:26:19]} Be6 {[%clk 1:25:59]} 11. f3 {[%clk 1:24:49]}
Nd7 {[%clk 1:20:29]} 12. Qd2 {[%clk 1:22:19]} b6 {[%clk 1:12:26]} 13. Nd5 {[%clk
1:15:30]} Nc5 {[%clk 1:08:41]} 14. Nd4 {[%clk 1:09:23]} Nxd4 {[%clk 1:05:20]} 15.
Bxd4 {[%clk 1:09:48]} Bxd4+ {[%clk 1:05:41]} 16. Qxd4 {[%clk 1:10:15]} Bxd5
{[%clk 0:59:08]} 17. cxd5 {[%clk 1:09:44]} a5 {[%clk 0:46:00]} 18. f4 {[%clk
1:04:24]} Qd7 {[%clk 0:42:25]} 19. e5 {[%clk 0:54:06]} Rad8 {[%clk 0:27:05]} 20.
Rad1 {[%clk 0:52:53]} Qa4 {[%clk 0:17:40]} 21. Qxa4 {[%clk 0:49:22]} Nxa4 {[%clk
0:18:03]} 22. Rd4 {[%clk 0:47:47]} Nc5 {[%clk 0:18:00]} 23. Bb5 {[%clk 0:46:53]}
f6 {[%clk 0:13:13]} 24. Re1 {[%clk 0:43:29]} fxe5 {[%clk 0:12:15]} 25. fxe5
{[%clk 0:43:06]} Nd7 {[%clk 0:06:37]} 26. exd6 {[%clk 0:32:56]} exd6 {[%clk
0:06:57]} 27. Bxd7 {[%clk 0:32:46]} Rxd7 {[%clk 0:07:21]} 28. Re6 {[%clk
0:32:38]} Rc7 {[%clk 0:06:31]} 29. h4 {[%clk 0:32:13]} Rc2 {[%clk 0:03:45]} 30.
Rg4 {[%clk 0:29:27]} Rf5 {[%clk 0:03:45]} 31. Rxd6 {[%clk 0:29:32]} Rxb2 {[%clk
0:04:01]} 32. Rd7 {[%clk 0:28:57]} Rd2 {[%clk 0:03:49]} 33. d6 {[%clk 0:24:01]}
Rf6 {[%clk 0:02:26]} 34. Rc4 {[%clk 0:22:04]} Rff2 {[%clk 0:01:41]} 35. Rc8+
{[%clk 0:22:04]} Rf8 {[%clk 0:01:41]} 36. Rcc7 {[%clk 0:20:56]} Rff2 {[%clk
0:02:23]} 37. Rg7+ {[%clk 0:19:45]} Kf8 {[%clk 0:02:31]} 38. Rge7 {[%clk
0:18:00]} Rc2 {[%clk 0:00:42]} 39. Rxc2 {[%clk 0:05:58]} Rxc2 {[%clk 0:01:07]}
40. Rxh7 {[%clk 0:35:49]} Rd2 {[%clk 0:01:07]} 41. d7 {[%clk 0:35:49]} b5 {[%clk
0:29:52]} 42. g4 {[%clk 0:34:01]} b4 {[%clk 0:28:15]} 43. h5 {[%clk 0:28:35]}
gxh5 {[%clk 0:28:32]} 44. gxh5 {[%clk 0:28:35]} a4 {[%clk 0:26:53]} 45. h6 {[%clk
0:27:52]} b3 {[%clk 0:26:16]} 46. axb3 {[%clk 0:27:51]} axb3 {[%clk 0:25:03]} 47.
Rh8+ {[%clk 0:27:50]} Ke7 {[%clk 0:24:45]} 48. d8Q+ {[%clk 0:27:50]} 1-0

[Event "European Women's Championship"]
[Site "Vysoke Tatry"]
[Date "2018.04.12"]
[Round "5"]
[White "Sucikova, Svetlana"]
[Black "Pavlidou, Ekaterini"]
[Result "1-0"]
[Board "65"]
[WhiteElo "2107"]
[WhiteTitle "WFM"]
[WhiteCountry "SVK"]
[WhiteFideId "14923653"]
[WhiteEloChange "12"]
[BlackElo "2164"]
[BlackTitle "WIM"]
[BlackCountry "GRE"]
[BlackFideId "4213262"]
[BlackEloChange "-12"]

1. Nf3 {[%clk 1:30:40]} Nf6 {[%clk 1:30:36]} 2. c4 {[%clk 1:30:50]} e6 {[%clk
1:30:30]} 3. Nc3 {[%clk 1:31:02]} Bb4 {[%clk 1:29:38]} 4. Qc2 {[%clk 1:31:09]}
O-O {[%clk 1:28:19]} 5. a3 {[%clk 1:31:16]} Bxc3 {[%clk 1:28:36]} 6. Qxc3 {[%clk
1:31:25]} d6 {[%clk 1:27:28]} 7. e3 {[%clk 1:31:36]} e5 {[%clk 1:26:36]} 8. b4
{[%clk 1:31:36]} Bg4 {[%clk 1:23:48]} 9. d3 {[%clk 1:30:02]} Bxf3 {[%clk
1:15:30]} 10. gxf3 {[%clk 1:30:22]} Re8 {[%clk 1:12:53]} 11. e4 {[%clk 1:27:05]}
c5 {[%clk 1:07:14]} 12. Be3 {[%clk 1:25:15]} b6 {[%clk 1:05:48]} 13. b5 {[%clk
1:23:39]} Nbd7 {[%clk 1:01:55]} 14. Bh3 {[%clk 1:21:16]} Nf8 {[%clk 1:01:06]} 15.
Rg1 {[%clk 1:13:56]} Ng6 {[%clk 1:00:25]} 16. Bg5 {[%clk 1:02:40]} h6 {[%clk
0:55:28]} 17. Be3 {[%clk 1:02:28]} Nh5 {[%clk 0:54:30]} 18. Bf5 {[%clk 0:59:31]}
Qf6 {[%clk 0:54:00]} 19. Bg4 {[%clk 0:45:47]} Nhf4 {[%clk 0:53:06]} 20. Kd2
{[%clk 0:44:53]} h5 {[%clk 0:47:31]} 21. Bf5 {[%clk 0:39:47]} d5 {[%clk 0:35:27]}
22. cxd5 {[%clk 0:33:31]} Nh4 {[%clk 0:32:21]} 23. Bxf4 {[%clk 0:24:22]} Nxf3+
{[%clk 0:32:03]} 24. Kc2 {[%clk 0:24:37]} Nd4+ {[%clk 0:31:49]} 25. Kb2 {[%clk
0:24:18]} exf4 {[%clk 0:31:42]} 26. Rg2 {[%clk 0:24:28]} Kf8 {[%clk 0:21:20]} 27.
Bd7 {[%clk 0:20:34]} Re5 {[%clk 0:20:05]} 28. Bc6 {[%clk 0:19:27]} Ne2 {[%clk
0:16:15]} 29. Qd2 {[%clk 0:18:22]} Rg5+ {[%clk 0:14:29]} 30. Ka2 {[%clk 0:15:43]}
Nc3+ {[%clk 0:10:48]} 31. Kb3 {[%clk 0:15:32]} Rxg2 {[%clk 0:10:42]} 32. e5
{[%clk 0:12:44]} Ne4 {[%clk 0:07:59]} 33. Qb2 {[%clk 0:10:37]} c4+ {[%clk
0:04:49]} 34. Kxc4 {[%clk 0:10:27]} Nd6+ {[%clk 0:03:15]} 35. Kb3 {[%clk
0:10:20]} Qf5 {[%clk 0:02:08]} 36. exd6 {[%clk 0:10:14]} Rd8 {[%clk 0:00:58]} 37.
Qe2 {[%clk 0:10:01]} Kg8 {[%clk 0:01:00]} 38. d7 {[%clk 0:08:23]} Rxd7 {[%clk
0:00:56]} 39. d6 {[%clk 0:07:43]} Rd8 {[%clk 0:00:34]} 40. Bxg2 {[%clk 0:34:57]}
Qxb5+ {[%clk 0:30:59]} 41. Ka2 {[%clk 0:35:17]} Rxd6 {[%clk 0:31:09]} 42. Rc1
{[%clk 0:34:35]} g6 {[%clk 0:30:43]} 43. Rc8+ {[%clk 0:29:09]} Kg7 {[%clk
0:30:41]} 44. Be4 {[%clk 0:29:06]} Re6 {[%clk 0:26:42]} 45. Qc2 {[%clk 0:27:57]}
Qe5 {[%clk 0:19:56]} 46. Ra8 {[%clk 0:26:53]} a5 {[%clk 0:19:03]} 47. Qc8 {[%clk
0:22:29]} Kh6 {[%clk 0:19:25]} 48. h4 {[%clk 0:22:50]} Re7 {[%clk 0:15:14]} 49.
Qf8+ {[%clk 0:19:18]} Kh7 {[%clk 0:15:42]} 50. d4 {[%clk 0:17:00]} Qf6 {[%clk
0:11:09]} 51. f3 {[%clk 0:17:08]} b5 {[%clk 0:08:04]} 52. d5 {[%clk 0:13:46]} Rd7
{[%clk 0:05:17]} 53. Rc8 {[%clk 0:10:21]} b4 {[%clk 0:04:29]} 54. Qg8+ {[%clk
0:06:11]} Kh6 {[%clk 0:04:53]} 55. Rc6 {[%clk 0:06:36]} Qg7 {[%clk 0:03:53]} 56.
Qxg7+ {[%clk 0:04:29]} Kxg7 {[%clk 0:04:21]} 57. axb4 {[%clk 0:03:57]} axb4
{[%clk 0:04:48]} 58. Rc5 {[%clk 0:04:10]} f5 {[%clk 0:04:39]} 59. Bc2 {[%clk
0:04:13]} Kf6 {[%clk 0:04:36]} 60. Kb3 {[%clk 0:04:33]} Ke5 {[%clk 0:04:37]} 61.
Kc4 {[%clk 0:04:37]} g5 {[%clk 0:01:47]} 62. hxg5 {[%clk 0:04:49]} h4 {[%clk
0:02:05]} 63. Rc6 {[%clk 0:04:40]} Rxd5 {[%clk 0:02:10]} 64. Rf6 {[%clk 0:04:26]}
b3 {[%clk 0:01:07]} 65. Rxf5+ {[%clk 0:04:09]} Ke6 {[%clk 0:01:30]} 66. Rf6+
{[%clk 0:04:36]} Ke5 {[%clk 0:01:09]} 67. Kxb3 {[%clk 0:04:23]} h3 {[%clk
0:00:36]} 68. Rh6 {[%clk 0:04:35]} Kd4 {[%clk 0:00:42]} 69. g6 {[%clk 0:04:11]}
Rb5+ {[%clk 0:01:04]} 70. Ka4 {[%clk 0:04:30]} Rg5 {[%clk 0:00:36]} 71. Rxh3
{[%clk 0:04:43]} Ke5 {[%clk 0:00:35]} 72. Rh7 {[%clk 0:04:57]} Rg3 {[%clk
0:00:36]} 73. Be4 {[%clk 0:05:21]} 1-0

[Event "European Women's Championship"]
[Site "Vysoke Tatry"]
[Date "2018.04.12"]
[Round "5"]
[White "Azimova, Karina"]
[Black "Smirnova, Ekaterina"]
[Result "1/2-1/2"]
[Board "66"]
[WhiteElo "2069"]
[WhiteTitle "WFM"]
[WhiteCountry "RUS"]
[WhiteFideId "4108310"]
[WhiteEloChange "2"]
[BlackElo "2153"]
[BlackTitle "WFM"]
[BlackCountry "RUS"]
[BlackFideId "4110943"]
[BlackEloChange "-2"]

1. e4 {[%clk 1:30:57]} c6 {[%clk 1:30:55]} 2. d4 {[%clk 1:31:10]} d5 {[%clk
1:31:23]} 3. exd5 {[%clk 1:31:36]} cxd5 {[%clk 1:31:50]} 4. Bd3 {[%clk 1:32:01]}
Nc6 {[%clk 1:32:14]} 5. c3 {[%clk 1:32:29]} Qc7 {[%clk 1:32:38]} 6. h3 {[%clk
1:31:45]} Nf6 {[%clk 1:32:38]} 7. Nf3 {[%clk 1:31:46]} g6 {[%clk 1:33:01]} 8. O-O
{[%clk 1:27:29]} Bf5 {[%clk 1:33:22]} 9. Re1 {[%clk 1:27:05]} Bxd3 {[%clk
1:33:36]} 10. Qxd3 {[%clk 1:27:33]} Bg7 {[%clk 1:33:53]} 11. Nbd2 {[%clk
1:22:47]} O-O {[%clk 1:33:52]} 12. Nb3 {[%clk 1:19:40]} e6 {[%clk 1:34:12]} 13.
Be3 {[%clk 1:17:30]} Ne4 {[%clk 1:31:36]} 14. Ng5 {[%clk 1:16:41]} Nxg5 {[%clk
1:25:24]} 15. Bxg5 {[%clk 1:17:08]} h6 {[%clk 1:25:16]} 16. Bh4 {[%clk 1:13:53]}
b6 {[%clk 1:16:09]} 17. Qf3 {[%clk 1:10:16]} Rae8 {[%clk 1:11:46]} 18. Bf6 {[%clk
1:09:20]} Bxf6 {[%clk 1:11:08]} 19. Qxf6 {[%clk 1:09:48]} Qe7 {[%clk 1:11:04]}
20. Qxe7 {[%clk 1:09:04]} Rxe7 {[%clk 1:11:31]} 21. Rad1 {[%clk 1:06:10]} Rd8
{[%clk 1:10:43]} 22. Re2 {[%clk 1:02:44]} f6 {[%clk 1:10:28]} 23. f4 {[%clk
0:55:47]} g5 {[%clk 1:10:12]} 24. Rf1 {[%clk 0:53:21]} Kg7 {[%clk 1:07:27]} 25.
Ref2 {[%clk 0:47:50]} f5 {[%clk 1:05:28]} 26. Nc1 {[%clk 0:44:32]} Na5 {[%clk
1:04:46]} 27. Re2 {[%clk 0:41:49]} Rde8 {[%clk 1:04:15]} 28. g4 {[%clk 0:29:25]}
fxg4 {[%clk 1:01:44]} 29. hxg4 {[%clk 0:29:30]} gxf4 {[%clk 1:02:05]} 30. Nd3
{[%clk 0:27:43]} Rg8 {[%clk 0:54:19]} 31. Nxf4 {[%clk 0:23:56]} Kh8 {[%clk
0:44:12]} 32. Rg2 {[%clk 0:17:43]} Reg7 {[%clk 0:40:26]} 33. Re1 {[%clk 0:18:02]}
Rxg4 {[%clk 0:40:23]} 34. Rxe6 {[%clk 0:18:30]} Rxg2+ {[%clk 0:40:36]} 35. Nxg2
{[%clk 0:18:59]} Kh7 {[%clk 0:40:03]} 36. b3 {[%clk 0:16:43]} Rg6 {[%clk
0:23:42]} 37. Re7+ {[%clk 0:16:12]} Rg7 {[%clk 0:24:07]} 38. Re5 {[%clk 0:16:29]}
Rg5 {[%clk 0:22:28]} 39. Re7+ {[%clk 0:15:06]} Rg7 {[%clk 0:22:56]} 40. Re5
{[%clk 0:45:21]} Rg5 {[%clk 0:53:25]} 41. Rxg5 {[%clk 0:39:53]} hxg5 {[%clk
0:53:54]} 42. Ne3 {[%clk 0:40:18]} Kg6 {[%clk 0:54:15]} 43. Kg2 {[%clk 0:39:42]}
Nc6 {[%clk 0:52:31]} 44. Nxd5 {[%clk 0:38:59]} Kf5 {[%clk 0:52:54]} 45. Kf3
{[%clk 0:37:45]} g4+ {[%clk 0:51:55]} 46. Kg3 {[%clk 0:37:47]} Ke4 {[%clk
0:51:05]} 47. Nf4 {[%clk 0:37:09]} b5 {[%clk 0:31:20]} 48. Ne6 {[%clk 0:18:43]}
Kd3 {[%clk 0:27:47]} 49. d5 {[%clk 0:18:09]} Ne7 {[%clk 0:27:26]} 50. Nc7 {[%clk
0:11:52]} Kxc3 {[%clk 0:26:06]} 51. Nxb5+ {[%clk 0:12:08]} Kb2 {[%clk 0:25:40]}
52. d6 {[%clk 0:03:15]} Nf5+ {[%clk 0:24:18]} 53. Kxg4 {[%clk 0:03:42]} Nxd6
{[%clk 0:24:41]} 54. Nxd6 {[%clk 0:02:48]} Kxa2 {[%clk 0:25:05]} 55. b4 {[%clk
0:02:48]} Kb3 {[%clk 0:25:33]} 56. b5 {[%clk 0:02:29]} Kb4 {[%clk 0:25:58]} 57.
Kf5 {[%clk 0:02:33]} Ka5 {[%clk 0:26:06]} 58. Ke5 {[%clk 0:02:56]} a6 {[%clk
0:26:19]} 59. bxa6 {[%clk 0:03:05]} Kxa6 {[%clk 0:26:48]} 1/2-1/2

[Event "European Women's Championship"]
[Site "Vysoke Tatry"]
[Date "2018.04.12"]
[Round "5"]
[White "Cosman, Andreea-Marioara"]
[Black "Kejzar, Petra"]
[Result "0-1"]
[Board "67"]
[WhiteElo "2141"]
[WhiteTitle "WFM"]
[WhiteCountry "ROU"]
[WhiteFideId "1217968"]
[WhiteEloChange "-12"]
[BlackElo "2071"]
[BlackCountry "SLO"]
[BlackFideId "14610213"]
[BlackEloChange "12"]

1. d4 {[%clk 1:30:57]} f5 {[%clk 1:30:45]} 2. g3 {[%clk 1:31:19]} Nf6 {[%clk
1:31:08]} 3. Bg2 {[%clk 1:31:44]} e6 {[%clk 1:31:33]} 4. Nf3 {[%clk 1:31:58]} Be7
{[%clk 1:31:43]} 5. O-O {[%clk 1:31:21]} O-O {[%clk 1:32:02]} 6. c4 {[%clk
1:29:23]} d6 {[%clk 1:32:20]} 7. Nc3 {[%clk 1:24:15]} Ne4 {[%clk 1:22:05]} 8.
Nxe4 {[%clk 1:14:39]} fxe4 {[%clk 1:22:29]} 9. Ne1 {[%clk 1:13:53]} d5 {[%clk
1:21:46]} 10. f3 {[%clk 1:12:16]} dxc4 {[%clk 1:20:35]} 11. fxe4 {[%clk 1:08:06]}
Rxf1+ {[%clk 1:20:22]} 12. Kxf1 {[%clk 1:05:23]} Nc6 {[%clk 1:19:02]} 13. Be3
{[%clk 0:57:31]} e5 {[%clk 1:16:55]} 14. d5 {[%clk 0:54:33]} Nb4 {[%clk 1:02:12]}
15. a3 {[%clk 0:51:26]} Na6 {[%clk 1:02:32]} 16. Qa4 {[%clk 0:51:10]} Qf8+ {[%clk
1:01:11]} 17. Nf3 {[%clk 0:50:14]} Bc5 {[%clk 0:57:10]} 18. Bxc5 {[%clk 0:49:36]}
Nxc5 {[%clk 0:57:30]} 19. Qxc4 {[%clk 0:49:41]} b5 {[%clk 0:46:42]} 20. Qc2
{[%clk 0:47:24]} Bg4 {[%clk 0:41:44]} 21. Kg1 {[%clk 0:41:53]} Re8 {[%clk
0:36:10]} 22. b4 {[%clk 0:31:20]} Nd7 {[%clk 0:30:23]} 23. Qxc7 {[%clk 0:27:13]}
Nb6 {[%clk 0:29:33]} 24. Qc5 {[%clk 0:20:05]} Bd7 {[%clk 0:27:19]} 25. Rc1 {[%clk
0:15:28]} Nc4 {[%clk 0:25:03]} 26. Qxa7 {[%clk 0:15:32]} Qd6 {[%clk 0:24:49]} 27.
a4 {[%clk 0:11:34]} Qh6 {[%clk 0:14:24]} 28. Re1 {[%clk 0:10:59]} Bg4 {[%clk
0:12:31]} 29. axb5 {[%clk 0:07:32]} Rf8 {[%clk 0:10:36]} 30. Qc5 {[%clk 0:05:33]}
Ne3 {[%clk 0:08:55]} 31. d6 {[%clk 0:05:01]} Rc8 {[%clk 0:02:13]} 32. d7 {[%clk
0:05:27]} Bxd7 {[%clk 0:02:18]} 33. Qxe5 {[%clk 0:05:48]} Bh3 {[%clk 0:01:44]}
34. Bh1 {[%clk 0:01:15]} Nc2 {[%clk 0:01:04]} 35. Qd5+ {[%clk 0:00:45]} Kh8
{[%clk 0:01:10]} 36. Ng5 {[%clk 0:00:53]} Qb6+ {[%clk 0:00:56]} 37. e3 {[%clk
0:01:13]} h6 {[%clk 0:00:46]} 38. Qd2 {[%clk 0:00:43]} hxg5 {[%clk 0:00:39]} 39.
e5 {[%clk 0:00:45]} Qc7 {[%clk 0:00:37]} 40. b6 {[%clk 0:30:34]} Qxb6 {[%clk
0:30:49]} 41. Rd1 {[%clk 0:14:11]} Rf8 {[%clk 0:26:31]} 42. Qe2 {[%clk 0:02:17]}
g6 {[%clk 0:23:59]} 43. Bg2 {[%clk 0:01:05]} Qxe3+ {[%clk 0:19:15]} 44. Qxe3
{[%clk 0:01:26]} Nxe3 {[%clk 0:19:39]} 45. Re1 {[%clk 0:01:50]} Nxg2 {[%clk
0:19:50]} 46. Rb1 {[%clk 0:02:14]} Ne3 {[%clk 0:19:14]} 47. b5 {[%clk 0:02:22]}
Nc4 {[%clk 0:19:20]} 48. b6 {[%clk 0:01:29]} Nxb6 {[%clk 0:19:41]} 49. e6 {[%clk
0:00:50]} Nd5 {[%clk 0:19:54]} 50. g4 {[%clk 0:01:07]} Kg7 {[%clk 0:19:58]} 51.
Re1 {[%clk 0:01:17]} Bxg4 {[%clk 0:19:50]} 52. e7 {[%clk 0:01:06]} Re8 {[%clk
0:20:15]} 53. Re5 {[%clk 0:01:27]} Nf4 {[%clk 0:20:18]} 54. h3 {[%clk 0:00:37]}
Nxh3+ {[%clk 0:20:30]} 55. Kh2 {[%clk 0:00:56]} Bf5 {[%clk 0:20:48]} 0-1